<?xml version="1.0" encoding="UTF-8"?>
<marc:record xmlns:marc="http://www.loc.gov/MARC21/slim">
   <marc:leader>00000nam a2200000 a 4500</marc:leader>
   <marc:datafield ind1="1" ind2=" " tag="100">
      <marc:subfield code="a">Ohde, Deniz</marc:subfield>
      <marc:subfield code="4">aut</marc:subfield>
      <marc:subfield code="e">Verfasser/-in</marc:subfield>
   </marc:datafield>
   <marc:datafield ind1=" " ind2=" " tag="653">
      <marc:subfield code="a">Mutter</marc:subfield>
   </marc:datafield>
   <marc:datafield ind1=" " ind2=" " tag="653">
      <marc:subfield code="a">Großvater</marc:subfield>
   </marc:datafield>
   <marc:datafield ind1=" " ind2=" " tag="653">
      <marc:subfield code="a">Scham</marc:subfield>
   </marc:datafield>
   <marc:datafield ind1=" " ind2=" " tag="653">
      <marc:subfield code="a">Bildung</marc:subfield>
   </marc:datafield>
   <marc:datafield ind1="0" ind2="0" tag="245">
      <marc:subfield code="a">Streulicht</marc:subfield>
   </marc:datafield>
   <marc:datafield ind1="0" ind2="0" tag="245">
      <marc:subfield code="b">Roman</marc:subfield>
   </marc:datafield>
   <marc:datafield ind1="0" ind2="0" tag="245">
      <marc:subfield code="c">Deniz Ohde</marc:subfield>
   </marc:datafield>
   <marc:datafield ind1=" " ind2="1" tag="264">
      <marc:subfield code="a">Frankfurt am Main</marc:subfield>
      <marc:subfield code="b">Suhrkamp-Verl.</marc:subfield>
   </marc:datafield>
   <marc:datafield ind1="1" ind2=" " tag="520">
      <marc:subfield code="a">Industrieschnee markiert die Grenzen des Orts, eine feine Säure liegt in der Luft, und hinter der Werksbrücke rauschen die Fertigungshallen, wo der Vater tagein, tagaus Aluminiumbleche beizt. Hier ist die Ich-Erzählerin aufgewachsen, hierher kommt sie zurück, als ihre Kindheitsfreunde heiraten. Und während sie die alten Wege geht, erinnert sie sich: an den Vater und den erblindeten Großvater, die kaum sprachen, die keine Veränderungen wollten und nichts wegwerfen konnten, bis nicht nur der Hausrat, sondern auch die verdrängten Erinnerungen hervorquollen. An die Mutter, deren Freiheitsdrang in der Enge einer westdeutschen Arbeiterwohnung erstickte, bis sie in einem kurzen Aufbegehren die Koffer packte und die Tochter beim trinkenden Vater ließ. An den frühen Schulabbruch und die Anstrengung, im zweiten Anlauf Versäumtes nachzuholen, an die Scham und die Angst - zuerst davor, nicht zu bestehen, dann davor, als Aufsteigerin auf ihren Platz zurückverwiesen zu werden.&lt;/p&gt;</marc:subfield>
   </marc:datafield>
   <marc:datafield ind1=" " ind2=" " tag="020">
      <marc:subfield code="a">9783518429631</marc:subfield>
      <marc:subfield code="9">9783518429631</marc:subfield>
   </marc:datafield>
   <marc:datafield ind1=" " ind2=" " tag="020">
      <marc:subfield code="a">3518429639</marc:subfield>
      <marc:subfield code="9">3518429639</marc:subfield>
   </marc:datafield>
</marc:record>
